[Event "EYCC Open-U14 2019"]
[Site "Bratislava"]
[Date "2019.08.06"]
[Round "5.36"]
[White "Antal, Hunor-Zoltan"]
[Black "Sobek, Michal"]
[Result "1/2-1/2"]
[WhiteElo "1980"]
[BlackElo "2101"]
[Annotator "NA"]
[PlyCount "43"]
[EventDate "2019.08.02"]
[EventType "swiss"]
[EventCountry "SVK"]
[SourceTitle "playchess.com"]
[Source "ChessBase"]
[SourceQuality "1"]
[TimeControl "40/5400+30:1800+30"]

1. d4 {[%emt 0:00:00]} Nf6 {[%emt 0:00:00]} 2. Nf3 {[%emt 0:00:00]} g6 {[%emt 0:00:00]} 3. c4 {[%emt 0:00:00]} c5 {[%emt 0:00:00]} 4. d5 {[%emt 0:00:00]} b5 {[%emt 0:00:00]} 5. Bg5 {[%emt 0:00:08]} Bg7 {[%emt 0:00:48]} 6. Nbd2 {[%emt 0:02:03]} d6 {[%emt 0:01:15]} 7. e4 {[%emt 0:02:08]} Qa5 {[%emt 0:05:48]} 8. Qc2 {[%emt 0:00:38]} Na6 {[%emt 0:04:10]} 9. a3 {[%emt 0:03:59]} h6 {[%emt 0:17:25]} 10. Bf4 {[%emt 0:03:36]} Rb8 {[%emt 0:00:41]} 11. cxb5 {[%emt 0:01:55]} Nc7 {[%emt 0:02:50]} 12. b4 {[%emt 0:07:00]} cxb4 {[%emt 0:00:11]} 13. Nb3 {[%emt 0:00:39]} Qa4 {[%emt 0:10:01]} 14. Qxc7 {[%emt 0:00:41]} Qxb3 {[%emt 0:00:13]} 15. Qxb8 {[%emt 0:01:15]} Qc3+ {[%emt 0:00:28]} 16. Ke2 {[%emt 0:00:37]} Qc4+ {[%emt 0:00:32]} 17. Kd1 {[%emt 0:00:45]} Qb3+ {[%emt 0:00:12]} 18. Ke1 {[%emt 0:01:12]} Qc3+ {[%emt 0:00:09]} 19. Ke2 {[%emt 0:00:06]} Qc4+ {[%emt 0:00:16]} 20. Kd1 {[%emt 0:00:54]} Qb3+ {[%emt 0:00:08]} 21. Ke1 {[%emt 0:04:05]} Qc3+ {[%emt 0:00:21]} 22. Ke2 {[%emt 0:00:07]} 1/2-1/2

[Event "EYCC Open-U14 2019"]
[Site "Bratislava"]
[Date "2019.08.06"]
[Round "5.37"]
[White "Dahl, Max"]
[Black "Ochedzan, Tymon"]
[Result "0-1"]
[WhiteElo "1981"]
[BlackElo "2037"]
[Annotator "NA"]
[PlyCount "152"]
[EventDate "2019.08.02"]
[EventType "swiss"]
[EventCountry "SVK"]
[SourceTitle "playchess.com"]
[Source "ChessBase"]
[SourceQuality "1"]
[TimeControl "40/5400+30:1800+30"]

1. c4 {[%emt 0:00:00]} Nf6 {[%emt 0:00:00]} 2. g3 {[%emt 0:00:00]} g6 {[%emt 0:00:08]} 3. Bg2 {[%emt 0:00:06]} Bg7 {[%emt 0:00:32]} 4. Nc3 {[%emt 0:00:34]} O-O {[%emt 0:01:03]} 5. e4 {[%emt 0:00:54]} d6 {[%emt 0:03:08]} 6. Nge2 {[%emt 0:01:14]} c5 {[%emt 0:02:09]} 7. O-O {[%emt 0:00:51]} Nc6 {[%emt 0:02:54]} 8. d3 {[%emt 0:02:53]} a6 {[%emt 0:02:08]} 9. a3 {[%emt 0:12:10]} Rb8 {[%emt 0:05:03]} 10. Rb1 {[%emt 0:03:40]} b5 {[%emt 0:04:21]} 11. cxb5 {[%emt 0:03:15]} axb5 {[%emt 0:00:20]} 12. b4 {[%emt 0:00:59]} cxb4 {[%emt 0:04:12]} 13. axb4 {[%emt 0:00:57]} Bd7 {[%emt 0:06:32]} 14. h3 {[%emt 0:20:18]} Qc8 {[%emt 0:07:32]} 15. Kh2 {[%emt 0:02:08]} Qa6 {[%emt 0:03:20]} 16. Be3 {[%emt 0:09:45]} Rfc8 {[%emt 0:06:13]} 17. Qd2 {[%emt 0:07:45]} Ra8 {[%emt 0:04:04]} 18. Rfc1 {[%emt 0:07:14]} Be6 {[%emt 0:05:56]} 19. Nd5 {[%emt 0:09:38]} Bxd5 {[%emt 0:12:57]} 20. exd5 {[%emt 0:00:17]} Ne5 {[%emt 0:02:11]} 21. f4 {[%emt 0:06:47]} Ned7 {[%emt 0:02:13]} 22. Nc3 {[%emt 0:06:46]} Nb6 {[%emt 0:03:25]} 23. Qf2 {[%emt 0:00:46]} Nfd7 {[%emt 0:04:07]} 24. Bd4 {[%emt 0:00:53]} Bxd4 {[%emt 0:06:01]} 25. Qxd4 {[%emt 0:00:06]} Qa3 {[%emt 0:00:34]} 26. Rc2 {[%emt 0:02:19]} Qa6 {[%emt 0:04:43]} 27. Ra2 {[%emt 0:00:35]} Qb7 {[%emt 0:02:09]} 28. Rxa8 {[%emt 0:00:25]} Qxa8 {[%emt 0:00:16]} 29. Ne4 {[%emt 0:00:39]} Qa2 {[%emt 0:01:58]} 30. Ra1 {[%emt 0:00:32]} Qe2 {[%emt 0:00:42]} 31. Rf1 {[%emt 0:00:29]} Qc2 {[%emt 0:02:02]} 32. Rf2 {[%emt 0:00:33]} Qb1 {[%emt 0:00:33]} 33. Nc3 {[%emt 0:00:29]} Qa1 {[%emt 0:01:25]} 34. Nxb5 {[%emt 0:00:26]} Qxd4 {[%emt 0:00:13]} 35. Nxd4 {[%emt 0:00:05]} Nf6 {[%emt 0:00:03]} 36. Rc2 {[%emt 0:00:27]} Rxc2 {[%emt 0:00:16]} 37. Nxc2 {[%emt 0:00:01]} Nfxd5 {[%emt 0:00:27]} 38. Bxd5 {[%emt 0:00:49]} Nxd5 {[%emt 0:00:05]} 39. Kg2 {[%emt 0:00:31]} Kf8 {[%emt 0:00:44]} 40. Kf3 {[%emt 0:00:00]} Ke8 {[%emt 0:00:00]} 41. g4 {[%emt 0:09:14]} Kd7 {[%emt 0:02:13]} 42. Ke4 {[%emt 0:02:57]} e6 {[%emt 0:04:19]} 43. f5 {[%emt 0:11:40]} g5 {[%emt 0:03:36]} 44. fxe6+ {[%emt 0:03:20]} fxe6 {[%emt 0:01:01]} 45. Kf3 {[%emt 0:03:03]} Nf4 {[%emt 0:04:11]} 46. h4 {[%emt 0:00:35]} Nxd3 {[%emt 0:00:40]} 47. hxg5 {[%emt 0:00:13]} d5 {[%emt 0:00:39]} 48. b5 {[%emt 0:03:07]} e5 {[%emt 0:05:12]} 49. Ke3 {[%emt 0:01:22]} Nc5 {[%emt 0:01:39]} 50. Ne1 {[%emt 0:00:40]} d4+ {[%emt 0:01:17]} 51. Ke2 {[%emt 0:00:17]} e4 {[%emt 0:01:24]} 52. Ng2 {[%emt 0:00:33]} Ne6 {[%emt 0:02:01]} 53. Nh4 {[%emt 0:00:35]} Nxg5 {[%emt 0:00:45]} 54. Nf5 {[%emt 0:00:12]} Nf3 {[%emt 0:02:37]} 55. b6 {[%emt 0:00:54]} d3+ {[%emt 0:01:42]} 56. Ke3 {[%emt 0:00:30]} Ng5 {[%emt 0:02:38]} 57. Nd4 {[%emt 0:00:29]} Kc8 {[%emt 0:00:42]} 58. Nb3 {[%emt 0:00:30]} Kb7 {[%emt 0:01:21]} 59. Nc5+ {[%emt 0:00:19]} Kxb6 {[%emt 0:00:06]} 60. Nxd3 {[%emt 0:00:18]} exd3 {[%emt 0:00:17]} 61. Kxd3 {[%emt 0:00:04]} Kc5 {[%emt 0:01:17]} 62. Ke3 {[%emt 0:00:06]} Ne6 {[%emt 0:01:24]} 63. Ke4 {[%emt 0:00:08]} Kd6 {[%emt 0:00:09]} 64. Kf5 {[%emt 0:00:05]} Ke7 {[%emt 0:00:09]} 65. Ke5 {[%emt 0:00:26]} Kf7 {[%emt 0:00:22]} 66. Kf5 {[%emt 0:00:09]} h6 {[%emt 0:00:26]} 67. Ke5 {[%emt 0:00:04]} Kg6 {[%emt 0:00:30]} 68. Kxe6 {[%emt 0:00:06]} Kg5 {[%emt 0:00:05]} 69. Ke5 {[%emt 0:00:06]} Kxg4 {[%emt 0:00:03]} 70. Ke4 {[%emt 0:00:07]} h5 {[%emt 0:00:09]} 71. Ke3 {[%emt 0:00:03]} Kg3 {[%emt 0:00:04]} 72. Ke2 {[%emt 0:00:05]} Kg2 {[%emt 0:00:03]} 73. Ke3 {[%emt 0:00:05]} h4 {[%emt 0:00:04]} 74. Kf4 {[%emt 0:00:03]} h3 {[%emt 0:00:04]} 75. Ke3 {[%emt 0:00:03]} h2 {[%emt 0:00:17]} 76. Kd4 {[%emt 0:00:12]} h1=Q {[%emt 0:00:10]} 0-1

[Event "EYCC Open-U14 2019"]
[Site "Bratislava"]
[Date "2019.08.06"]
[Round "5.38"]
[White "Cappelletto, Joshuaede"]
[Black "Farkas, Otto Jr."]
[Result "1-0"]
[WhiteElo "2138"]
[BlackElo "1913"]
[Annotator "NA"]
[PlyCount "49"]
[EventDate "2019.08.02"]
[EventType "swiss"]
[EventCountry "SVK"]
[SourceTitle "playchess.com"]
[Source "ChessBase"]
[SourceQuality "1"]
[TimeControl "40/5400+30:1800+30"]

1. e4 {[%emt 0:00:00]} Nf6 {[%emt 0:00:00]} 2. e5 {[%emt 0:00:00]} Nd5 {[%emt 0:00:00]} 3. d4 {[%emt 0:00:08]} d6 {[%emt 0:00:00]} 4. Nf3 {[%emt 0:00:09]} g6 {[%emt 0:00:00]} 5. c4 {[%emt 0:01:18]} Nb6 {[%emt 0:00:00]} 6. h3 {[%emt 0:01:53]} Bg7 {[%emt 0:00:11]} 7. Nc3 {[%emt 0:01:11]} O-O {[%emt 0:00:59]} 8. exd6 {[%emt 0:00:17]} cxd6 {[%emt 0:00:05]} 9. Be2 {[%emt 0:00:12]} Bf5 {[%emt 0:02:37]} 10. O-O {[%emt 0:00:40]} d5 {[%emt 0:01:12]} 11. c5 {[%emt 0:03:31]} Nc8 {[%emt 0:00:09]} 12. Qb3 {[%emt 0:00:12]} Qd7 {[%emt 0:22:55]} 13. Qxd5 {[%emt 0:09:04]} Qxd5 {[%emt 0:01:37]} 14. Nxd5 {[%emt 0:00:12]} Nc6 {[%emt 0:02:18]} 15. Be3 {[%emt 0:00:21]} Rd8 {[%emt 0:01:07]} 16. Nc7 {[%emt 0:25:00]} Rb8 {[%emt 0:03:00]} 17. Rfd1 {[%emt 0:01:52]} Be4 {[%emt 0:08:20]} 18. Ng5 {[%emt 0:01:53]} Bf5 {[%emt 0:01:27]} 19. g4 {[%emt 0:04:23]} Bc2 {[%emt 0:03:40]} 20. Rd2 {[%emt 0:03:06]} h6 {[%emt 0:01:26]} 21. Nxf7 {[%emt 0:01:54]} Kxf7 {[%emt 0:00:07]} 22. Bc4+ {[%emt 0:00:14]} Kf6 {[%emt 0:00:33]} 23. Rxc2 {[%emt 0:01:26]} Nxd4 {[%emt 0:02:37]} 24. Bxd4+ {[%emt 0:01:20]} Rxd4 {[%emt 0:00:18]} 25. Ne8+ {[%emt 0:00:07]} 1-0

[Event "EYCC Open-U14 2019"]
[Site "Bratislava"]
[Date "2019.08.06"]
[Round "5.39"]
[White "Talibov, Shiroghlan"]
[Black "Paduano, Claudio"]
[Result "1-0"]
[WhiteElo "1882"]
[BlackElo "2037"]
[Annotator "NA"]
[PlyCount "77"]
[EventDate "2019.08.02"]
[EventType "swiss"]
[EventCountry "SVK"]
[SourceTitle "playchess.com"]
[Source "ChessBase"]
[SourceQuality "1"]
[TimeControl "40/5400+30:1800+30"]

1. c4 {[%emt 0:00:00]} Nf6 {[%emt 0:01:44]} 2. Nc3 {[%emt 0:00:00]} e6 {[%emt 0:00:37]} 3. e4 {[%emt 0:00:00]} d5 {[%emt 0:07:53]} 4. cxd5 {[%emt 0:00:54]} exd5 {[%emt 0:01:18]} 5. e5 {[%emt 0:00:08]} Nfd7 {[%emt 0:16:17]} 6. d4 {[%emt 0:00:33]} c5 {[%emt 0:13:32]} 7. f4 {[%emt 0:14:35]} cxd4 {[%emt 0:35:20]} 8. Qxd4 {[%emt 0:00:25]} Nb6 {[%emt 0:02:28]} 9. Nf3 {[%emt 0:10:17]} Nc6 {[%emt 0:06:17]} 10. Bb5 {[%emt 0:01:00]} Bd7 {[%emt 0:03:30]} 11. Qd1 {[%emt 0:05:12]} Bc5 {[%emt 0:03:24]} 12. a3 {[%emt 0:01:56]} a6 {[%emt 0:03:00]} 13. Be2 {[%emt 0:01:14]} Be6 {[%emt 0:00:38]} 14. b4 {[%emt 0:00:46]} Be7 {[%emt 0:00:27]} 15. O-O {[%emt 0:00:41]} d4 {[%emt 0:00:31]} 16. Ne4 {[%emt 0:03:07]} Nc4 {[%emt 0:00:32]} 17. f5 {[%emt 0:21:03]} Bd5 {[%emt 0:00:26]} 18. f6 {[%emt 0:03:38]} gxf6 {[%emt 0:00:32]} 19. exf6 {[%emt 0:01:24]} Bxf6 {[%emt 0:00:31]} 20. Nxf6+ {[%emt 0:01:39]} Qxf6 {[%emt 0:00:02]} 21. Bg5 {[%emt 0:09:42]} Qg7 {[%emt 0:00:57]} 22. Bxc4 {[%emt 0:00:20]} Bxc4 {[%emt 0:00:22]} 23. Re1+ {[%emt 0:00:54]} Be6 {[%emt 0:00:40]} 24. Qd2 {[%emt 0:01:23]} Rg8 {[%emt 0:00:30]} 25. a4 Qg6 {[%emt 0:00:30]} 26. b5 {[%emt 0:01:58]} Nb8 {[%emt 0:00:30]} 27. Qb4 {[%emt 0:00:24]} Qxg5 {[%emt 0:00:30]} 28. Nxg5 {[%emt 0:00:10]} Rxg5 {[%emt 0:00:28]} 29. bxa6 {[%emt 0:00:06]} Rxa6 {[%emt 0:00:32]} 30. Qxb7 {[%emt 0:00:05]} Kf8 {[%emt 0:00:31]} 31. Qxb8+ {[%emt 0:00:24]} Kg7 {[%emt 0:00:19]} 32. Qf4 {[%emt 0:00:18]} Raa5 {[%emt 0:00:40]} 33. Qxd4+ {[%emt 0:00:07]} Kg8 {[%emt 0:00:30]} 34. Rxe6 {[%emt 0:00:09]} fxe6 {[%emt 0:00:29]} 35. Qd7 {[%emt 0:00:06]} Rae5 {[%emt 0:00:31]} 36. Rb1 {[%emt 0:00:14]} Rgf5 {[%emt 0:00:30]} 37. Rb8+ {[%emt 0:00:15]} Rf8 {[%emt 0:00:31]} 38. Rxf8+ {[%emt 0:00:04]} Kxf8 {[%emt 0:00:27]} 39. Qd6+ {[%emt 0:00:02]} 1-0

[Event "EYCC Open-U14 2019"]
[Site "Bratislava"]
[Date "2019.08.06"]
[Round "5.40"]
[White "Cuttoli, Alexandre"]
[Black "Poltorak, Sebastian"]
[Result "0-1"]
[WhiteElo "1848"]
[BlackElo "2068"]
[Annotator "NA"]
[PlyCount "120"]
[EventDate "2019.08.02"]
[EventType "swiss"]
[EventCountry "SVK"]
[SourceTitle "playchess.com"]
[Source "ChessBase"]
[SourceQuality "1"]
[TimeControl "40/5400+30:1800+30"]

1. d4 {[%emt 0:00:00]} Nf6 {[%emt 0:00:00]} 2. Nf3 {[%emt 0:00:00]} e6 {[%emt 0:00:00]} 3. c4 {[%emt 0:00:00]} Bb4+ {[%emt 0:00:00]} 4. Nbd2 {[%emt 0:00:01]} d5 {[%emt 0:02:26]} 5. Qa4+ {[%emt 0:01:05]} Nc6 {[%emt 0:00:06]} 6. a3 {[%emt 0:00:05]} Be7 {[%emt 0:03:21]} 7. e3 {[%emt 0:00:55]} Bd7 {[%emt 0:00:55]} 8. Qc2 {[%emt 0:00:05]} O-O {[%emt 0:03:43]} 9. Bd3 {[%emt 0:00:24]} h6 {[%emt 0:06:38]} 10. b4 {[%emt 0:00:35]} dxc4 {[%emt 0:03:08]} 11. Nxc4 {[%emt 0:02:11]} a5 {[%emt 0:09:20]} 12. b5 {[%emt 0:06:35]} Nb8 {[%emt 0:01:34]} 13. Rb1 {[%emt 0:03:46]} c6 {[%emt 0:04:33]} 14. Nce5 {[%emt 0:01:10]} cxb5 {[%emt 0:02:26]} 15. Nxd7 {[%emt 0:00:20]} Nbxd7 {[%emt 0:01:09]} 16. Rxb5 {[%emt 0:00:54]} Rc8 {[%emt 0:03:14]} 17. Qb2 {[%emt 0:01:21]} Qc7 {[%emt 0:04:03]} 18. Bd2 {[%emt 0:01:31]} b6 {[%emt 0:01:02]} 19. O-O {[%emt 0:01:59]} Qd6 {[%emt 0:02:45]} 20. Ra1 {[%emt 0:04:53]} Qc6 {[%emt 0:05:48]} 21. Qb1 {[%emt 0:24:45]} Rfd8 {[%emt 0:13:01]} 22. e4 {[%emt 0:05:48]} Ne8 {[%emt 0:05:22]} 23. Rh5 {[%emt 0:11:33]} e5 {[%emt 0:07:03]} 24. Qd1 {[%emt 0:11:53]} exd4 {[%emt 0:03:44]} 25. Nxd4 {[%emt 0:01:28]} Qf6 {[%emt 0:00:54]} 26. Be3 {[%emt 0:02:01]} Bc5 {[%emt 0:01:48]} 27. Rf5 {[%emt 0:01:44]} Bxd4 {[%emt 0:02:40]} 28. Rxf6 {[%emt 0:01:37]} Ndxf6 {[%emt 0:01:22]} 29. Bxd4 {[%emt 0:01:18]} Rxd4 {[%emt 0:00:03]} 30. Qe2 {[%emt 0:00:33]} Rcd8 {[%emt 0:01:11]} 31. Rd1 {[%emt 0:03:34]} Nxe4 {[%emt 0:00:36]} 32. Qe3 {[%emt 0:00:37]} Nc3 {[%emt 0:05:18]} 33. Rd2 {[%emt 0:01:04]} Kh8 {[%emt 0:00:53]} 34. Qf3 {[%emt 0:02:42]} Nf6 {[%emt 0:00:53]} 35. h3 {[%emt 0:00:31]} b5 {[%emt 0:01:16]} 36. g4 {[%emt 0:02:11]} b4 {[%emt 0:00:50]} 37. axb4 {[%emt 0:00:55]} axb4 {[%emt 0:00:04]} 38. Qf5 {[%emt 0:03:24]} b3 {[%emt 0:01:05]} 39. Qa5 {[%emt 0:00:54]} b2 {[%emt 0:04:33]} 40. Qxc3 {[%emt 0:00:00]} Rxd3 {[%emt 0:00:00]} 41. Qxb2 {[%emt 0:00:46]} Rxd2 {[%emt 0:00:15]} 42. Qe5 {[%emt 0:00:16]} Re8 {[%emt 0:00:28]} 43. Qg3 {[%emt 0:01:40]} Re1+ {[%emt 0:00:57]} 44. Kh2 {[%emt 0:00:12]} Ree2 {[%emt 0:00:04]} 45. g5 {[%emt 0:01:36]} Rxf2+ {[%emt 0:00:06]} 46. Kg1 {[%emt 0:00:23]} Rg2+ {[%emt 0:00:03]} 47. Qxg2 {[%emt 0:00:05]} Rxg2+ {[%emt 0:00:04]} 48. Kxg2 {[%emt 0:00:05]} hxg5 {[%emt 0:00:03]} 49. h4 {[%emt 0:00:11]} gxh4 {[%emt 0:00:07]} 50. Kg1 {[%emt 0:00:04]} g5 {[%emt 0:00:08]} 51. Kg2 {[%emt 0:00:09]} g4 {[%emt 0:00:09]} 52. Kh1 {[%emt 0:00:03]} Kg7 {[%emt 0:00:09]} 53. Kg1 {[%emt 0:00:04]} Kg6 {[%emt 0:00:04]} 54. Kh1 {[%emt 0:00:04]} Kf5 {[%emt 0:00:04]} 55. Kg2 {[%emt 0:00:06]} Kf4 {[%emt 0:00:04]} 56. Kf2 {[%emt 0:00:04]} h3 {[%emt 0:00:06]} 57. Kf1 {[%emt 0:00:14]} g3 {[%emt 0:00:06]} 58. Kg1 {[%emt 0:00:10]} Kf3 {[%emt 0:00:23]} 59. Kh1 {[%emt 0:00:15]} Ng4 {[%emt 0:00:20]} 60. Kg1 {[%emt 0:00:12]} h2+ {[%emt 0:00:06]} 0-1

[Event "EYCC Open-U14 2019"]
[Site "Bratislava"]
[Date "2019.08.06"]
[Round "5.41"]
[White "Falkevall, Axel"]
[Black "Protassov, Vlad"]
[Result "1/2-1/2"]
[WhiteElo "2067"]
[BlackElo "1898"]
[Annotator "NA"]
[PlyCount "75"]
[EventDate "2019.08.02"]
[EventType "swiss"]
[EventCountry "SVK"]
[SourceTitle "playchess.com"]
[Source "ChessBase"]
[SourceQuality "1"]
[TimeControl "40/5400+30:1800+30"]

1. e4 {[%emt 0:00:00]} c6 {[%emt 0:00:00]} 2. Nc3 {[%emt 0:00:00]} d5 {[%emt 0:00:00]} 3. Nf3 {[%emt 0:00:00]} Bg4 {[%emt 0:00:30]} 4. h3 {[%emt 0:00:00]} Bxf3 {[%emt 0:00:06]} 5. Qxf3 {[%emt 0:00:00]} e6 {[%emt 0:00:19]} 6. Be2 {[%emt 0:00:27]} dxe4 {[%emt 0:05:07]} 7. Nxe4 {[%emt 0:00:58]} Nd7 {[%emt 0:00:08]} 8. d4 {[%emt 0:02:33]} Ngf6 {[%emt 0:00:12]} 9. Ng3 {[%emt 0:04:52]} Qb6 {[%emt 0:03:29]} 10. c3 {[%emt 0:04:18]} Be7 {[%emt 0:01:11]} 11. O-O {[%emt 0:04:52]} O-O {[%emt 0:02:24]} 12. Re1 {[%emt 0:04:04]} Rfd8 {[%emt 0:07:02]} 13. Bc4 {[%emt 0:07:21]} Nd5 {[%emt 0:21:18]} 14. Bb3 {[%emt 0:08:50]} N7f6 {[%emt 0:09:12]} 15. Bg5 {[%emt 0:11:06]} h6 {[%emt 0:03:44]} 16. Bxf6 {[%emt 0:05:12]} Nxf6 {[%emt 0:01:21]} 17. Nf5 {[%emt 0:01:57]} Re8 {[%emt 0:00:56]} 18. Nxe7+ {[%emt 0:08:33]} Rxe7 {[%emt 0:00:08]} 19. Re2 {[%emt 0:00:53]} Rae8 {[%emt 0:04:59]} 20. Rae1 {[%emt 0:00:57]} Qc7 {[%emt 0:02:22]} 21. Qd3 {[%emt 0:08:11]} c5 {[%emt 0:05:15]} 22. dxc5 {[%emt 0:04:38]} Qxc5 {[%emt 0:01:06]} 23. Re5 {[%emt 0:00:58]} Qc7 {[%emt 0:00:29]} 24. Qd4 {[%emt 0:00:51]} a6 {[%emt 0:01:20]} 25. R5e3 {[%emt 0:08:29]} Rd8 {[%emt 0:00:50]} 26. Qe5 {[%emt 0:00:17]} Qxe5 {[%emt 0:01:16]} 27. Rxe5 {[%emt 0:00:05]} Rd2 {[%emt 0:00:05]} 28. R1e2 {[%emt 0:00:48]} Red7 {[%emt 0:00:56]} 29. Kf1 {[%emt 0:00:22]} Kf8 {[%emt 0:00:52]} 30. Rxd2 {[%emt 0:00:30]} Rxd2 {[%emt 0:00:08]} 31. Re2 {[%emt 0:00:17]} Rxe2 {[%emt 0:00:07]} 32. Kxe2 {[%emt 0:00:04]} Ke7 {[%emt 0:00:30]} 33. Kd3 {[%emt 0:02:01]} Kd6 {[%emt 0:00:21]} 34. Bd1 {[%emt 0:00:47]} Nd7 {[%emt 0:02:32]} 35. b4 {[%emt 0:02:51]} Ne5+ {[%emt 0:00:29]} 36. Kd4 {[%emt 0:00:20]} Nc6+ {[%emt 0:00:09]} 37. Ke3 {[%emt 0:01:23]} b6 {[%emt 0:05:50]} 38. Ke4 {Ke5+} 1/2-1/2

[Event "EYCC Open-U14 2019"]
[Site "Bratislava"]
[Date "2019.08.06"]
[Round "5.42"]
[White "Vanduyfhuys, Igor"]
[Black "Frank, Adam"]
[Result "0-1"]
[WhiteElo "1804"]
[BlackElo "2125"]
[Annotator "NA"]
[PlyCount "66"]
[EventDate "2019.08.02"]
[EventType "swiss"]
[EventCountry "SVK"]
[SourceTitle "playchess.com"]
[Source "ChessBase"]
[SourceQuality "1"]
[TimeControl "40/5400+30:1800+30"]

1. e4 {[%emt 0:00:00]} e5 {[%emt 0:00:00]} 2. Nf3 {[%emt 0:00:00]} Nc6 {[%emt 0:00:00]} 3. Bc4 {[%emt 0:00:00]} Nf6 {[%emt 0:00:00]} 4. d3 {[%emt 0:00:09]} Be7 {[%emt 0:00:03]} 5. O-O {[%emt 0:00:40]} O-O {[%emt 0:00:05]} 6. Nc3 {[%emt 0:00:16]} d6 {[%emt 0:00:14]} 7. a4 {[%emt 0:00:58]} Bg4 {[%emt 0:00:37]} 8. h3 {[%emt 0:00:53]} Bh5 {[%emt 0:00:32]} 9. Bg5 {[%emt 0:05:43]} Qd7 {[%emt 0:15:18]} 10. Bxf6 {[%emt 0:06:20]} Bxf6 {[%emt 0:01:39]} 11. Nd5 {[%emt 0:00:10]} Nd4 {[%emt 0:04:13]} 12. Nxe5 {[%emt 0:07:46]} Bxe5 {[%emt 0:05:34]} 13. Qxh5 {[%emt 0:00:10]} Nxc2 {[%emt 0:01:53]} 14. Rac1 {[%emt 0:01:09]} Nd4 {[%emt 0:00:54]} 15. f4 {[%emt 0:04:49]} c6 {[%emt 0:09:30]} 16. Ne3 {[%emt 0:03:28]} g6 {[%emt 0:01:54]} 17. Qd1 {[%emt 0:01:27]} Bg7 {[%emt 0:00:30]} 18. f5 {[%emt 0:02:17]} Kh8 {[%emt 0:13:01]} 19. Kh1 {[%emt 0:04:24]} Rae8 {[%emt 0:06:58]} 20. Ng4 {[%emt 0:11:15]} h5 {[%emt 0:06:21]} 21. Qe1 {[%emt 0:20:56]} Nxf5 {[%emt 0:09:26]} 22. Qf2 {[%emt 0:06:40]} hxg4 {[%emt 0:05:56]} 23. exf5 {[%emt 0:00:18]} d5 {[%emt 0:02:08]} 24. Qh4+ {[%emt 0:03:02]} Kg8 {[%emt 0:00:01]} 25. f6 {[%emt 0:00:13]} dxc4 {[%emt 0:01:04]} 26. fxg7 {[%emt 0:01:23]} Kxg7 {[%emt 0:00:06]} 27. Rxc4 {[%emt 0:00:43]} f5 {[%emt 0:03:34]} 28. hxg4 {[%emt 0:00:15]} Rh8 {[%emt 0:00:08]} 29. gxf5 {[%emt 0:00:25]} Rxh4+ {[%emt 0:00:21]} 30. Rxh4 {[%emt 0:00:05]} gxf5 {[%emt 0:01:07]} 31. g4 {[%emt 0:00:11]} Qxd3 {[%emt 0:00:39]} 32. Rxf5 {[%emt 0:00:25]} Qd2 {[%emt 0:01:00]} 33. Rg5+ {[%emt 0:00:32]} Qxg5 {[%emt 0:00:05]} 0-1

[Event "EYCC Open-U14 2019"]
[Site "Bratislava"]
[Date "2019.08.06"]
[Round "5.43"]
[White "Grahn, Vidar"]
[Black "Schlegel, Igor"]
[Result "1/2-1/2"]
[WhiteElo "1980"]
[BlackElo "1968"]
[Annotator "NA"]
[PlyCount "127"]
[EventDate "2019.08.02"]
[EventType "swiss"]
[EventCountry "SVK"]
[SourceTitle "playchess.com"]
[Source "ChessBase"]
[SourceQuality "1"]
[TimeControl "40/5400+30:1800+30"]

1. e4 {[%emt 0:00:00]} c5 {[%emt 0:00:00]} 2. Nf3 {[%emt 0:00:00]} d6 {[%emt 0:00:00]} 3. d4 {[%emt 0:00:00]} cxd4 {[%emt 0:00:00]} 4. Nxd4 {[%emt 0:00:00]} Nf6 {[%emt 0:00:00]} 5. Nc3 {[%emt 0:00:01]} a6 {[%emt 0:00:01]} 6. Bc4 {[%emt 0:00:06]} e6 {[%emt 0:00:42]} 7. Bb3 {[%emt 0:02:16]} Nbd7 {[%emt 0:00:50]} 8. O-O {[%emt 0:00:42]} Nc5 {[%emt 0:00:31]} 9. Re1 {[%emt 0:00:31]} Be7 {[%emt 0:05:42]} 10. Qf3 {[%emt 0:03:23]} O-O {[%emt 0:02:35]} 11. Qg3 {[%emt 0:01:40]} Qc7 {[%emt 0:22:28]} 12. Bh6 {[%emt 0:01:43]} Ne8 {[%emt 0:00:07]} 13. Be3 {[%emt 0:00:18]} b5 {[%emt 0:02:20]} 14. f3 {[%emt 0:06:08]} Bb7 {[%emt 0:04:07]} 15. Rad1 {[%emt 0:12:06]} Bf6 {[%emt 0:04:56]} 16. Nde2 {[%emt 0:07:43]} b4 {[%emt 0:18:03]} 17. Na4 {[%emt 0:04:10]} Nxa4 {[%emt 0:00:58]} 18. Bxa4 {[%emt 0:00:20]} Bxb2 {[%emt 0:00:14]} 19. Bxe8 {[%emt 0:01:52]} Rfxe8 {[%emt 0:00:36]} 20. Qxd6 {[%emt 0:01:33]} Be5 {[%emt 0:12:43]} 21. Qxb4 {[%emt 0:07:44]} Bxh2+ {[%emt 0:01:23]} 22. Kf2 {[%emt 0:08:33]} a5 {[%emt 0:01:44]} 23. Qb6 {[%emt 0:04:35]} Qxb6 {[%emt 0:02:22]} 24. Bxb6 {[%emt 0:00:17]} Ra6 {[%emt 0:00:13]} 25. Rb1 {[%emt 0:04:30]} Bd6 {[%emt 0:04:20]} 26. Be3 {[%emt 0:06:22]} Bc6 {[%emt 0:02:29]} 27. Red1 {[%emt 0:04:13]} Ba4 {[%emt 0:01:55]} 28. Rd2 {[%emt 0:01:58]} Rc6 {[%emt 0:05:06]} 29. c3 {[%emt 0:04:09]} Bc5 {[%emt 0:03:24]} 30. Rb7 {[%emt 0:07:02]} Rec8 {[%emt 0:01:50]} 31. Rdd7 {[%emt 0:06:45]} Bxe3+ {[%emt 0:00:36]} 32. Kxe3 {[%emt 0:00:13]} Rxc3+ {[%emt 0:00:20]} 33. Nxc3 {[%emt 0:00:14]} Bxd7 {[%emt 0:00:03]} 34. Rxd7 {[%emt 0:00:17]} Rxc3+ {[%emt 0:00:03]} 35. Kd2 {[%emt 0:00:40]} Rc8 {[%emt 0:00:05]} 36. Ra7 {[%emt 0:00:10]} Kf8 {[%emt 0:02:23]} 37. Rxa5 {[%emt 0:00:10]} Rc7 {[%emt 0:00:14]} 38. a4 {[%emt 0:01:37]} Ke7 {[%emt 0:00:09]} 39. Kd3 {[%emt 0:01:36]} f6 {[%emt 0:02:59]} 40. Kd4 {[%emt 0:00:00]} g6 {[%emt 0:00:00]} 41. Rc5 {[%emt 0:05:26]} Ra7 {[%emt 0:04:10]} 42. a5 {[%emt 0:00:29]} Kd6 {[%emt 0:03:18]} 43. f4 {[%emt 0:02:37]} h5 {[%emt 0:04:28]} 44. e5+ {[%emt 0:06:14]} fxe5+ {[%emt 0:00:06]} 45. fxe5+ {[%emt 0:00:31]} Kd7 {[%emt 0:00:07]} 46. Rc3 {[%emt 0:10:39]} Rxa5 {[%emt 0:05:44]} 47. Rg3 {[%emt 0:00:22]} Ra4+ {[%emt 0:00:03]} 48. Kc5 {[%emt 0:00:22]} Re4 {[%emt 0:00:12]} 49. Rxg6 {[%emt 0:00:54]} Rxe5+ {[%emt 0:00:07]} 50. Kd4 {[%emt 0:00:33]} Kd6 {[%emt 0:00:45]} 51. g4 {[%emt 0:00:55]} hxg4 {[%emt 0:01:49]} 52. Rxg4 {[%emt 0:00:10]} Ra5 {[%emt 0:00:03]} 53. Rg8 {[%emt 0:01:16]} Ra4+ {[%emt 0:00:13]} 54. Ke3 {[%emt 0:01:20]} Kd5 {[%emt 0:00:13]} 55. Rd8+ {[%emt 0:00:34]} Ke5 {[%emt 0:00:12]} 56. Rh8 {[%emt 0:00:44]} Ra3+ {[%emt 0:00:04]} 57. Ke2 {[%emt 0:01:00]} Kd5 {[%emt 0:00:29]} 58. Rd8+ {[%emt 0:00:12]} Ke4 {[%emt 0:00:07]} 59. Rd7 {[%emt 0:00:56]} e5 {[%emt 0:00:10]} 60. Re7 {[%emt 0:00:32]} Ra2+ {[%emt 0:00:10]} 61. Ke1 {[%emt 0:00:28]} Kd4 {[%emt 0:00:21]} 62. Rh7 {[%emt 0:01:40]} e4 {[%emt 0:00:20]} 63. Rh3 {[%emt 0:00:17]} e3 {[%emt 0:00:14]} 64. Rh8 {[%emt 0:00:29]} 1/2-1/2